Το πανεπιστήμιο άνευ όρων

Αποθηκεύτηκε σε:
Λεπτομέρειες βιβλιογραφικής εγγραφής
Κύριος συγγραφέας: Derrida, Jacques
Μορφή: Βιβλίο
Γλώσσα:Greek
French
Δημοσίευση: Αθήνα : Εκκρεμές, 2004.
Θέματα:
Ετικέτες: Προσθήκη ετικέτας
Δεν υπάρχουν, Καταχωρήστε ετικέτα πρώτοι!

MARC

LEADER 00000cam a2200000 i 4500
001 1/36206
008 130905s2004 gr | ||| |||| ||gre||
020 |a 9607651286 
035 |l 10115599 
040 |a GR-MyUa  |b gre  |e AACR2 
041 1 |a gre  |h fre 
082 7 |a 378.01   |2 (22) 
100 1 |a Derrida, Jacques. 
245 1 3 |a Το πανεπιστήμιο άνευ όρων /   |c Ζακ Ντερριντά ; μετάφραση-σημειώσεις Βαγγέλης Μπιτσώρης.  
260 |a Αθήνα :   |b Εκκρεμές,   |c 2004.  
300 |a 211 σ. ;   |c 21 εκ. 
500 |a Τίτλος πρωτοτύπου: L' université sans conditions.  
504 |a Περιλαμβάνει βιβλιογραφικές παραπομπές.  
650 0 |a Humanities  |x Study and teaching (Higher) 
650 0 |a Social sciences  |x Study and teaching (Higher) 
650 0 |a Humanities  |x Philosophy. 
650 0 |a Social sciences  |x Philosophy. 
650 0 |a Learning and scholarship. 
852 |a INST  |b SYROS  |e 20130905  |h 378.01 DER  |p 005500010985  |q 005500010985  |t BK  |y 0 
901 |a BIBL5-2013-1 
922 |a 5ΕΛΗ  |b 201306  |c Βιβλιοθήκη Σύρου  |d Π. Ιωαννίδου 
970 |a Κοντού  |b Παρασκευή  |z 05/09/2013